00489nam a2200157Ia 45000030006000000080041000060400015000471000029000622450056000912600009001475460012001569420012001689990015001800050017001959520119002120STCL150530s9999 xx 000 0 und d aSTCLcSTCL aSudershan Savara, K.; Ed aIndia at a glance twenty years of freedom 1947-1967 c1967 aEnglish 2ddccBK c8488d848820220125165511.0 00102ddc4070aSTCALbSTCALcGENd2015-05-30g21.00l0o330.9154-803p45693r2015-05-30 00:00:00w2015-05-30yBK